Fastest Growing U.S. States by GDP - Statistics

General Stats
  • This quiz has been taken 74 times
  • The average score is 5 of 10
Answer Stats
Hint Answer % Correct
9.8% Florida
84%
7.1% North Carolina
72%
7.7% Tennessee
64%
8.3% South Carolina
62%
7.4% Nevada
56%
7.1% Idaho
52%
8.6% Washington
48%
8% Kansas
44%
7.2% Kentucky
38%
8.2% Nebraska
26%
No matching quizzes found
Score Distribution
Percent of People with Each Score
Percentile by Number Answered
Your Score History
You have not taken this quiz